Chip War : The Fight for the Worlds Most Critical Technology (Record no. 43144)

MARC details
000 -LEADER
fixed length control field 00572nam a22001817a 4500
005 - DATE AND TIME OF LATEST TRANSACTION
control field 20241113160335.0
008 - FIXED-LENGTH DATA ELEMENTS--GENERAL INFORMATION
fixed length control field 241113b |||||||| |||| 00| 0 eng d
020 ## - INTERNATIONAL STANDARD BOOK NUMBER
International Standard Book Number 9781398504103
041 ## - LANGUAGE CODE
Language code of text/sound track or separate title Eng
082 ## - DEWEY DECIMAL CLASSIFICATION NUMBER
Classification number 338.4762 MIL
100 ## - MAIN ENTRY--PERSONAL NAME
Author Miller Chris
245 ## - TITLE STATEMENT
Title Chip War : The Fight for the Worlds Most Critical Technology
260 ## - PUBLICATION, DISTRIBUTION, ETC.
Place New York
Publisher Scribner, an imprint of Simon & Schuster
Publication Year 2022
300 ## - PHYSICAL DESCRIPTION
Extent 431; P. 22 Cm
365 ## - TRADE PRICE
Price type code Rs
Price amount 799
Currency code Rupees
650 ## - SUBJECT ADDED ENTRY--TOPICAL TERM
Subject Integrated Circuits Industry; Microelectronics-History; International Relations
942 ## - ADDED ENTRY ELEMENTS (KOHA)
Koha item type Books
Holdings
Withdrawn status Lost status Source of classification or shelving scheme Damaged status Not for loan Home library Current library Shelving location Accession Date Vendor Price Bill number Total Checkouts Total Renewals Full call number Barcode No Date last seen Date last checked out Bill Date Koha item type
    Dewey Decimal Classification     IMTN IMTN Rack 11-B 11/13/2024 Amazon.in 799.00 NAG1-297940 2 1 338.4762 MIL 33573 01/15/2025 01/06/2025 08/26/2024 Books
Designed & Maintained by: LRC IMT Nagpur Contact: lrc@imtnag.ac.in© 2024. All Rights Reserved.